| 000 | 00734cad a22001815a 4500 | ||
|---|---|---|---|
| 001 | E152375 | ||
| 008 | 110228s2010 xxk f 000 0 eng d | ||
| 035 | _a(Sirsi) u152375 | ||
| 041 | 0 | _aeng | |
| 110 | 2 |
_aEconomist Intelligence Unit _972 |
|
| 245 | 0 | 0 |
_aLiveable cities _bchallenges and opportunities for policymakers _h[electronic resource] |
| 260 |
_aLondon _bEIU _c2010 |
||
| 520 | _aA report, commissioned by Philips, which looks at city residents' requirements and how these can be delivered by policymakers. | ||
| 651 | 4 | _aInternational | |
| 690 |
_aPlanning and development _96259 |
||
| 856 | 4 | 0 |
_uhttps://www.europeanvoice.com/GED/00020000/22400/22491.pdf _zView the item free of charge at www.europeanvoice.com |
| 942 | _n0 | ||
| 999 |
_c112026 _d112026 |
||